000 00294nam a22001337a 4500
008 181207b xxu||||| |||| 00| 0 eng d
020 _a9780201258288
041 _aeng
080 _a941
100 _a16
101 _aHIS
245 _aTheory Of Computation
_cBernard M M
942 _2udc
_cBK
999 _c52982
_d52982